[Event "It (open)"]
[Site "New York (USA)"]
[Round "0"]
[White "Gutman Lev (GER)"]
[Black "Kapetanovic Armin (BIH)"]
[Result "1-0"]
[WhiteElo "2530"]
[BlackElo "2449"]

1.Nf3 Nf6 2.g3 g6 3.Bg2 Bg7 4.d4 d5 5.O-O O-O 6.c4 c6 7.cxd5 cxd5 8.Nc3 Nc6
9.Ne5 Bd7 10.Bg5 Be8 11.Qd3 e6 12.Ng4 h5 13.Nxf6+ Bxf6 14.Bxf6 Qxf6 15.Rfd1
Rc8 16.e4 Nb4 17.Qd2 dxe4 18.Nxe4 Qe7 19.Qh6 f6 20.Nc3 Rd8 {#r} 1-0

[Event "Cup Warsaw"]
[Site "Warsaw (Poland)"]
[Round "11"]
[White "Gdanski Przemyslaw (POL)"]
[Black "Jahr Dieter (GER)"]
[Result "1-0"]
[WhiteElo "2310"]
[BlackElo "2087"]

1.Nf3 c5 2.g3 Nf6 3.Bg2 g6 4.O-O Bg7 5.c3 Nc6 6.d4 cxd4 7.cxd4 d5 8.Nc3 O-O
9.Ne5 Qe8 10.Nxd5 Nxd5 11.Bxd5 Nxe5 12.dxe5 Bxe5 13.Bh6 Bg7 14.Bxg7 Kxg7
15.Qb3 Rb8 16.Rfd1 e6 17.Bf3 b6 18.Rac1 Bb7 19.Rc7 Bxf3 20.Qxf3 Rd8 21.Rxd8
Qxd8 22.Rxa7 Qd4 23.b3 e5 24.e3 e4 25.Qxf7+ Rxf7 26.Rxf7+ Kxf7 27.exd4 Ke6
28.Kf1 Kd5 29.Ke2 Kxd4 30.Kd2 g5 31.g4 b5 32.a4 bxa4 33.bxa4 {#r} 1-0

[Event "Ch Colombia"]
[Site "Colombia"]
[Round "0"]
[White "Mejia Roberto (COL)"]
[Black "Baquero Luis A (COL)"]
[Result "0-1"]
[WhiteElo "2210"]
[BlackElo "2345"]

1.Nf3 d5 2.g3 g6 3.Bg2 Bg7 4.d4 Nf6 5.O-O O-O 6.c4 c6 7.cxd5 cxd5 8.Nc3 Nc6
9.h3 Ne4 10.Be3 Nxc3 11.bxc3 Bf5 12.Nh4 Be6 13.f4 Qa5 14.Qd3 Rad8 15.f5 Bc8
16.Rab1 Rd6 17.Bf4 e5 18.fxe6 Rxe6 19.Rb5 Qxa2 20.Rf2 Ne7 21.e4 dxe4 22.Bxe4
Qa6 23.c4 Qa1+ 24.Qb1 Qxb1+ 25.Bxb1 Bxd4 {#R} 0-1

[Event "Olympiad (corr.)"]
[Site "corr."]
[Round "0"]
[White "Sorri Kari Juhani (FIN)"]
[Black "Pioch Zygmunt (POL)"]
[Result "0-1"]
[WhiteElo "2251"]
[BlackElo "2123"]

1.d4 Nf6 2.Nf3 g6 3.g3 Bg7 4.Bg2 O-O 5.O-O d5 6.c4 c6 7.cxd5 cxd5 8.Ne5 Ng4
9.f4 Nxe5 10.fxe5 Nc6 11.Nc3 e6 12.b3 f6 13.Ba3 Rf7 14.e4 fxe5 15.Rxf7 Kxf7
16.dxe5 d4 17.Nb5 Kg8 18.Bd6 Nxe5 19.Rc1 d3 20.Rc7 Bd7 21.Na3 Rc8 22.Rxb7 Qg5
23.Nc4 Nxc4 24.bxc4 Qe3+ 25.Kh1 Bc6 26.Bf4 Qd4 27.Rb1 Bxe4 28.Qg4 Qxc4 29.h4
Qxa2 30.Rg1 Rc2 31.Bd2 Bd5 {#R} 0-1

[Event "It"]
[Site "Czechoslovakia"]
[Round "0"]
[White "Jurek Josef (CZE)"]
[Black "Ruzicka Petr (CZE)"]
[Result "1-0"]
[WhiteElo "2337"]
[BlackElo "2264"]

1.d4 Nf6 2.c4 g6 3.g3 c6 4.Bg2 d5 5.cxd5 cxd5 6.Nf3 Bg7 7.Ne5 O-O 8.Nc3 e6
9.O-O Nc6 10.Bf4 Bd7 11.Qd2 Rc8 12.Rfd1 Nh5 13.Bh6 f6 14.Nxd7 Qxd7 15.e4 dxe4
16.Bxe4 f5 17.d5 Ne5 18.Bxg7 Qxg7 19.Bg2 Nc4 20.Qe2 Nxb2 21.Qxb2 Rxc3 22.dxe6
Rc7 23.Qb3 Kh8 24.Rac1 Re7 25.Rd6 Rfe8 26.Bf3 Nf6 27.Qe3 b6 28.Bc6 Ng4 29.Qa3
Rf8 30.Rd7 Qh6 31.h3 Qxh3 32.Bg2 Qxg2+ {#r} 1-0

[Event "Bundesliga 1987/88"]
[Site "Germany"]
[Round "0"]
[White "Feick Stefan (GER)"]
[Black "Zuse Klaus-Peter (GER)"]
[Result "0-1"]
[WhiteElo "2210"]
[BlackElo "2279"]

1.d4 Nf6 2.c4 g6 3.Nf3 Bg7 4.g3 c6 5.Bg2 d5 6.cxd5 cxd5 7.O-O O-O 8.Ne5 Ng4
9.Nxg4 Bxg4 10.Nc3 Nc6 11.h3 Be6 12.e4 Nxd4 13.Nxd5 Qd7 14.Kh2 Rac8 15.Bh6
Bxh6 16.Qxd4 Bxd5 17.exd5 b5 18.Rfe1 Rc2 19.Qh4 Bg7 20.Qxe7 Qxe7 21.Rxe7 Bxb2
22.Rae1 Rxf2 23.Rxa7 Rc8 24.d6 Rcc2 25.Rg1 Kg7 26.d7 Rfd2 27.Kh1 Bf6 28.Rb7
Rb2 29.Rf1 Rxa2 30.Rxb5 Rxg2 31.Rxf6 Rh2+ 32.Kg1 Rag2+ 33.Kf1 Rd2 {#R} 0-1

[Event "It (open)"]
[Site "Hallein (Austria)"]
[Round "3"]
[White "Schwartzman Gabriel (USA)"]
[Black "Buerger Carsten (GER)"]
[Result "1-0"]
[WhiteElo "2533"]
[BlackElo "2166"]

1.d4 Nf6 2.c4 g6 3.g3 c6 4.Bg2 d5 5.Nf3 Bg7 6.cxd5 cxd5 7.Nc3 Nc6 8.O-O O-O
9.Ne5 Bf5 10.Bf4 Rc8 11.Rc1 Ne4 12.Nxe4 Nxe5 13.Nc3 Nc6 14.Nxd5 Bxd4 15.e4 Be6
16.Rxc6 bxc6 17.Qxd4 f6 18.Re1 Qd7 19.Qb4 cxd5 20.exd5 Bxd5 21.Rxe7 Qc6 22.Qd4
Rcd8 23.Qxa7 Rf7 24.Rxf7 Qe6 25.Re7 Bxg2 26.Rxe6 Bf3 27.Rd6 {#r} 1-0

[Event "Ch Helsinki"]
[Site "Helsinki (Finland)"]
[Round "7"]
[White "Kekki Jorma (FIN)"]
[Black "Ebeling Mika (FIN)"]
[Result "0-1"]
[WhiteElo "2100"]
[BlackElo "2268"]

1.Nf3 Nf6 2.d4 g6 3.c4 Bg7 4.g3 O-O 5.Bg2 c6 6.Nc3 d5 7.cxd5 cxd5 8.Ne5 e6
9.O-O Nfd7 10.Nf3 Nc6 11.Bf4 a6 12.Rc1 Nb6 13.b3 Re8 14.Qd2 Bd7 15.Rfd1 Rc8
16.a3 Qe7 17.Qa2 Red8 18.Rc2 Be8 19.Be3 Bf8 20.Nb1 f6 21.Ne1 g5 22.Nd3 Bg6
23.Rc3 e5 24.Nb4 exd4 25.Nxc6 bxc6 26.Bxd4 c5 27.Re3 Qf7 28.Ba1 d4 29.Rf3 g4
30.Rf4 h5 31.h3 Bh6 {#R} 0-1

[Event "Olympiad"]
[Site "Salonika (Greece)"]
[Round "0"]
[White "Chong David (SIN)"]
[Black "Gobet Fernand (SUI)"]
[Result "0-1"]
[WhiteElo "2215"]
[BlackElo "2405"]

1.d4 Nf6 2.c4 g6 3.Nf3 Bg7 4.g3 O-O 5.Bg2 c6 6.Nc3 d5 7.cxd5 cxd5 8.O-O Ne4
9.Bd2 Nc6 10.e3 Bg4 11.h3 Bf5 12.Nh4 Nxc3 13.Bxc3 Be6 14.Qe2 Qd7 15.Kh2 a6
16.Nf3 Rac8 17.Rfc1 Bf5 18.Qd2 Be4 19.Ne5 Nxe5 20.dxe5 Bxg2 21.Kxg2 Qe6 22.f4
f6 23.exf6 Qe4+ 24.Kh2 exf6 25.Qg2 f5 26.Rd1 Rcd8 27.Rd2 Rf7 28.Rad1 Qxg2+
29.Kxg2 Rd6 30.Kf3 Rfd7 31.Bd4 {#R} 0-1

[Event "Olympiad"]
[Site "Salonika (Greece)"]
[Round "0"]
[White "Riza K (CYP)"]
[Black "Berrocal Jorge (BOL)"]
[Result "1-0"]
[WhiteElo "2085"]
[BlackElo "2240"]

1.Nf3 Nf6 2.g3 g6 3.Bg2 Bg7 4.d4 O-O 5.O-O d5 6.c4 c6 7.cxd5 cxd5 8.Nc3 Nc6
9.Ne5 e6 10.Be3 Nxe5 11.dxe5 Ng4 12.Bc5 Re8 13.f4 h5 14.h3 Bf8 15.Bd4 Nh6
16.e4 dxe4 17.Nxe4 Be7 18.Bf2 Qa5 19.Qc1 Bd7 20.f5 exf5 21.Nf6+ Bxf6 22.exf6
Kh7 23.Qg5 Qb4 24.Rad1 Rad8 25.Rd4 Qf8 26.Bxb7 Be6 27.Rfd1 Rxd4 28.Rxd4 Rb8
29.Be3 Ng8 30.Bf3 Rxb2 31.Bxh5 gxh5 32.Rh4 Rb1+ 33.Kg2 {#r} 1-0

[Event "It (open)"]
[Site "St. Ingbert (Germany)"]
[Round "1"]
[White "Hakshenas Ibrahim"]
[Black "Courtial Ralf"]
[Result "1-0"]
[WhiteElo "2200"]
[BlackElo "1672"]

1.Nf3 Nf6 2.g3 g6 3.Bg2 d5 4.O-O Bg7 5.d4 O-O 6.c4 c6 7.cxd5 cxd5 8.Ne5 Qb6
9.Nc3 Be6 10.Na4 Qb5 11.Nc5 Bf5 12.a4 Qb6 13.Ra3 Nc6 14.Rb3 Nb4 15.a5 Qxa5
16.Bd2 {#r} 1-0

[Event "Ch URS (qual)"]
[Site "Uzhgorod (Ukraine)"]
[Round "0"]
[White "Sideif-Sade Fikret I (AZE)"]
[Black "Frolov Artur (UKR)"]
[Result "1-0"]
[WhiteElo "2381"]
[BlackElo "2499"]

1.d4 Nf6 2.Nf3 g6 3.g3 Bg7 4.Bg2 O-O 5.O-O d5 6.c4 c6 7.cxd5 cxd5 8.Ne5 e6
9.Nc3 Nfd7 10.f4 Nc6 11.Be3 Ndxe5 12.fxe5 f6 13.exf6 Bxf6 14.Qd2 Bd7 15.Rad1
Qe7 16.Bf2 Bg5 17.Qe1 b5 18.e4 b4 19.exd5 bxc3 20.dxc6 c2 21.Rc1 Bxc1 22.Qxc1
Be8 23.Qxc2 Rc8 24.Rc1 Qd6 25.Qc4 Bf7 26.Qc5 Qxc5 27.Rxc5 Be8 28.b4 Rf5 29.b5
Rxc5 30.dxc5 Rd8 31.Bf3 Rd3 32.c7 Bd7 33.Bb7 {#r} 1-0

[Event "Ch France"]
[Site "Val Thorens (France)"]
[Round "0"]
[White "Abravanel Chely (FRA)"]
[Black "Donnenfeld Patrice (FRA)"]
[Result "1-0"]
[WhiteElo "2337"]
[BlackElo "2136"]

1.g3 g6 2.Bg2 Bg7 3.Nf3 c5 4.O-O Nc6 5.c3 Nf6 6.d4 cxd4 7.cxd4 d5 8.Nc3 O-O
9.Ne5 Nxe5 10.dxe5 Ng4 11.Nxd5 e6 12.Nf6+ Nxf6 13.Qxd8 Rxd8 14.Bg5 h6 15.Bxf6
Bxf6 16.exf6 Kf8 17.Rfd1 Ke8 18.f4 Rxd1+ 19.Rxd1 Bd7 20.Kf2 Rc8 21.Bxb7 Rb8
22.Be4 Rxb2 23.Bxg6 Bb5 24.Rb1 Rxe2+ 25.Kf3 fxg6 26.Rxb5 Rxa2 27.Rb7 Rxh2
28.Rxa7 g5 29.fxg5 hxg5 30.Kg4 Rg2 31.Kh5 {#r} 1-0

[Event "Staatsliga"]
[Site "Austria"]
[Round "0"]
[White "Vukic Milan (BIH)"]
[Black "Schlosser Michael (AUT)"]
[Result "1-0"]
[WhiteElo "2500"]
[BlackElo "2430"]

1.Nf3 g6 2.c4 Bg7 3.d4 Nf6 4.g3 O-O 5.Bg2 c6 6.O-O d5 7.cxd5 cxd5 8.Nc3 Ne4
9.Ne5 Nxc3 10.bxc3 Nd7 11.Nxd7 Qxd7 12.Qb3 Rd8 13.e4 dxe4 14.Bxe4 e5 15.dxe5
Bxe5 16.Bg5 Rf8 17.Rfe1 Qc7 18.Rac1 a5 19.a4 Ra6 20.Be3 Bg7 21.c4 Re8 22.Bd5
Re7 23.Bf4 Be5 24.Rxe5 Rxe5 25.Qc3 {#r} 1-0

[Event "Ch Germany (juniors) (under 20)"]
[Site "Bochum (Germany)"]
[Round "0"]
[White "Grimm Sascha (GER)"]
[Black "Schaefer Markus (GER)"]
[Result "0-1"]
[WhiteElo "2358"]
[BlackElo "2399"]

1.Nf3 Nf6 2.c4 g6 3.Nc3 Bg7 4.g3 O-O 5.Bg2 c6 6.d4 d5 7.cxd5 cxd5 8.Ne5 e6
9.O-O Nfd7 10.Nxd7 Bxd7 11.e3 b5 12.b4 a5 13.Ba3 Na6 14.Rb1 axb4 15.Bxb4 Nxb4
16.Rxb4 Qa5 17.Qb1 Rfc8 18.Nd1 Bf8 19.Rb3 Qxa2 20.Qxa2 Rxa2 21.Rb2 {#R} 0-1

[Event "It (open)"]
[Site "Buenos Aires (Argentina)"]
[Round "8"]
[White "Costianosky Ricardo (ARG)"]
[Black "Amura Claudia N (ARG)"]
[Result "0-1"]
[WhiteElo "2315"]
[BlackElo "2328"]

1.d4 Nf6 2.g3 g6 3.Bg2 d5 4.Nf3 Bg7 5.O-O O-O 6.c4 c6 7.cxd5 cxd5 8.Nc3 Nc6
9.Ne5 e6 10.Nxc6 bxc6 11.Na4 Nd7 12.Be3 e5 13.Rc1 Qf6 14.dxe5 Nxe5 15.b3 Re8
16.Bd4 Bd7 17.Nc5 Bf5 18.Kh1 Qd6 19.Qd2 Rac8 20.Qc3 Bh6 21.Rcd1 Nd7 22.e3 Bf8
23.Rc1 Qb8 24.Rfd1 h5 25.Nxd7 Bxd7 26.h4 Bg4 27.Rf1 c5 28.Bf6 Qd6 29.Rc2 d4
{#R} 0-1

[Event "It (open) \"]
[Site "Cologne (Germany)"]
[Round "0"]
[White "Nemitz Norbert"]
[Black "Hogenacker Jacques (GER)"]
[Result "0-1"]
[WhiteElo "1970"]
[BlackElo "2266"]

1.Nf3 Nf6 2.c4 g6 3.Nc3 Bg7 4.g3 O-O 5.Bg2 c6 6.O-O d5 7.cxd5 cxd5 8.d4 b6
9.Ne5 e6 10.Bg5 h6 11.Be3 Nbd7 12.Nxd7 Bxd7 13.f3 b5 14.a3 Qb6 15.Qd2 Rfc8
16.Rfd1 Kh7 17.Bf2 a5 18.b3 Rc7 19.e4 Rac8 20.Rac1 b4 21.axb4 Qxb4 22.Be1 Qxb3
23.e5 Ne8 24.Ne2 Rc2 25.Rxc2 Rxc2 {#R} 0-1

[Event "It (open) \"]
[Site "Cologne (Germany)"]
[Round "4"]
[White "Schulz Karsten (GER)"]
[Black "Hogenacker Jacques (GER)"]
[Result "1-0"]
[WhiteElo "2310"]
[BlackElo "2266"]

1.Nf3 g6 2.d4 Nf6 3.c4 Bg7 4.g3 c6 5.Bg2 d5 6.cxd5 cxd5 7.Nc3 O-O 8.O-O e6
9.Bg5 Qb6 10.Qd3 Nc6 11.Na4 Qa5 12.Nc5 Nxd4 13.Qxd4 Ne4 14.Nb3 Qb5 15.Qd3 Qxd3
16.exd3 Nxg5 17.Nxg5 Bxb2 18.Rab1 Bf6 19.Nf3 b6 20.Rfc1 Ba6 21.Bf1 Rfc8
22.Rxc8+ Rxc8 23.Rc1 Rxc1 24.Nxc1 Bb2 25.Nb3 e5 26.d4 Bxf1 27.Kxf1 {#r} 1-0

[Event "Regionalliga NordN"]
[Site "Germany"]
[Round "0"]
[White "Heuer Thomas (GER)"]
[Black "Fischer Michael (GER)"]
[Result "1-0"]
[WhiteElo "2129"]
[BlackElo "2108"]

1.Nf3 Nf6 2.g3 g6 3.Bg2 Bg7 4.O-O O-O 5.c4 c6 6.d4 d5 7.cxd5 cxd5 8.Ne5 e6
9.Nc3 Nbd7 10.f4 Ne8 11.e4 dxe4 12.Nxe4 f5 13.Nc3 Nc7 14.Be3 Nb6 15.Bf2 Nbd5
16.Re1 b6 17.a4 Bb7 18.Qb3 Rb8 19.Nb5 Nxb5 20.axb5 Ra8 21.Ra4 a5 22.bxa6 Rxa6
23.Rxa6 Bxa6 24.Nc6 {#r} 1-0

[Event "Ch Europe (team)"]
[Site "Haifa (Israel)"]
[Round "0"]
[White "Ben-Menachem Itzhak (ISR)"]
[Black "Hoffmann Regis (FRA)"]
[Result "1-0"]
[WhiteElo "2313"]
[BlackElo "2097"]

1.d4 d5 2.Nf3 c6 3.c4 Nf6 4.Nc3 g6 5.cxd5 cxd5 6.g3 Bg7 7.Bg2 O-O 8.O-O Nc6
9.Ne5 e6 10.f4 Bd7 11.Be3 Rc8 12.Rc1 Ne8 13.Bf2 f6 14.Nxd7 Qxd7 15.e4 Ne7
16.exd5 exd5 17.Nxd5 Nd6 18.Qb3 Kh8 19.Nxe7 Qxe7 20.d5 f5 21.Bxa7 b6 22.Bxb6
Rb8 23.Rfe1 Ne4 24.Bxe4 {#r} 1-0

[Event "It (open)"]
[Site "Lenk (Switzerland)"]
[Round "0"]
[White "Wuest Michael (GER)"]
[Black "Barlov Dragan (SRB)"]
[Result "0-1"]
[WhiteElo "1961"]
[BlackElo "2520"]

1.Nf3 Nf6 2.g3 g6 3.Bg2 Bg7 4.O-O O-O 5.c4 d6 6.Nc3 c6 7.d3 d5 8.cxd5 cxd5
9.d4 Nc6 10.Ne5 e6 11.Qa4 Qb6 12.Rd1 Rd8 13.Bf4 Nxe5 14.dxe5 Ng4 15.Qd4 Qxd4
16.Rxd4 Nxe5 17.Bxe5 Bxe5 18.Rb4 Rb8 19.e4 dxe4 20.Bxe4 Rd2 21.Rd1 Bxc3 {#R}
0-1

[Event "It \"]
[Site "New York (USA)"]
[Round "0"]
[White "Shipman Walter (USA)"]
[Black "Song Paul (USA)"]
[Result "1-0"]
[WhiteElo "2189"]
[BlackElo "2066"]

1.d4 Nf6 2.g3 g6 3.Bg2 d5 4.Nf3 Bg7 5.O-O O-O 6.c4 c6 7.cxd5 cxd5 8.Nc3 Nc6
9.Ne5 Bf5 10.Nxc6 bxc6 11.Bf4 Re8 12.Rc1 Rc8 13.Na4 Nd7 14.Qd2 e5 15.dxe5 Nxe5
16.b3 Nd7 17.Rfe1 Nf6 18.Be3 Re7 19.Bd4 Ne4 20.Qb2 Bxd4 21.Qxd4 Qa5 22.Red1
Nd6 23.e3 Qd8 24.Nc5 Qe8 25.Bf1 Ne4 26.Nxe4 Bxe4 27.Rc5 Bf3 28.Rdc1 h5 29.Qf4
Be4 30.Bb5 Re6 31.f3 Bb1 32.Ba6 Rxe3 33.Rxb1 f6 34.Kf2 {#r} 1-0

[Event "It (open)"]
[Site "Paris (France)"]
[Round "1"]
[White "Bukal Vladimir (CRO)"]
[Black "Petit Eric-Thierry (FRA)"]
[Result "1-0"]
[WhiteElo "2403"]
[BlackElo "2057"]

1.c4 Nf6 2.g3 c6 3.Nf3 d5 4.Bg2 g6 5.d4 Bg7 6.O-O O-O 7.cxd5 cxd5 8.Ne5 e6
9.Nc3 Nfd7 10.f4 Nc6 11.Nxc6 bxc6 12.Na4 Qa5 13.Bd2 Qb5 14.Be3 Ba6 15.Re1 Rfc8
16.Bf2 Bf8 17.e4 Nf6 18.exd5 cxd5 19.Nc5 Qb6 20.Rc1 Rc6 21.Rc2 Rac8 22.Rd2
R8c7 23.a3 Nd7 24.b4 Bc4 25.Qb1 a5 26.g4 axb4 27.axb4 Qb5 28.f5 Rb6 29.fxe6
Nxc5 30.exf7+ Kxf7 31.dxc5 Bxc5 32.bxc5 {#r} 1-0

[Event "It \"]
[Site "Prague (Czech Republic)"]
[Round "7"]
[White "Streitberg Petr (CZE)"]
[Black "Laketic Gojko (SRB)"]
[Result "0-1"]
[WhiteElo "2248"]
[BlackElo "2443"]

1.d4 Nf6 2.c4 g6 3.g3 c6 4.Bg2 d5 5.Nf3 Bg7 6.cxd5 cxd5 7.Nc3 O-O 8.O-O Ne4
9.Nxe4 dxe4 10.Ne5 Qd5 11.Be3 Nd7 12.Nd3 f5 13.Qc2 Qf7 14.Nc5 Nb6 15.Rfd1 Nd5
16.Bf4 b6 17.Nb3 Be6 18.Rd2 a5 19.Nc1 Rac8 20.Qd1 h6 21.e3 g5 22.Be5 Bxe5
23.dxe5 Nb4 24.f4 gxf4 25.gxf4 Nxa2 26.Nxa2 Bxa2 27.Bh3 Be6 28.Rg2+ Kh7 29.Kh1
Rfd8 30.Qe2 Bc4 31.Qf2 Qh5 32.Rg3 Rd1+ 33.Rxd1 Qxd1+ 34.Kg2 e6 {#R} 0-1

[Event "Ch Sweden"]
[Site "Stockholm (Sweden)"]
[Round "0"]
[White "Wiedenkeller Michael (SWE)"]
[Black "Winsnes Rikard (SWE)"]
[Result "1-0"]
[WhiteElo "2473"]
[BlackElo "2409"]

1.d4 Nf6 2.c4 g6 3.g3 c6 4.Bg2 d5 5.cxd5 cxd5 6.Nf3 Bg7 7.O-O O-O 8.Nc3 Ne4
9.Nxe4 dxe4 10.Ne5 Qd5 11.f3 Bxe5 12.dxe5 Qxe5 13.Bh6 Re8 14.fxe4 Qxb2 15.Rb1
Qe5 16.Qd5 Qxd5 17.exd5 Nd7 18.Rfc1 Ne5 19.Rc7 Rb8 20.Be3 b6 21.Bd4 Nd7
22.Rxa7 Bb7 23.Rc1 Rec8 24.Rxc8+ Bxc8 25.Bh3 f5 26.e4 Kf8 27.exf5 Nf6 28.Be5
{#r} 1-0

[Event "Ch Baden-Wuerttemberg"]
[Site "Stuttgart (Germany)"]
[Round "2"]
[White "Boehm Martin (GER)"]
[Black "Ott Frank (GER)"]
[Result "1-0"]
[WhiteElo "2270"]
[BlackElo "2313"]

1.d4 Nf6 2.Nf3 g6 3.g3 d5 4.Bg2 Bg7 5.c4 c6 6.cxd5 cxd5 7.O-O O-O 8.Nc3 Ne4
9.Nxe4 dxe4 10.Ne5 f6 11.Qb3+ e6 12.Nc4 Nc6 13.e3 f5 14.f3 exf3 15.Bxf3 h5
16.Bd2 h4 17.gxh4 Qxh4 18.Be1 Qg5+ 19.Kh1 f4 20.Rg1 Qf6 21.Be4 fxe3 22.Qxe3
Qxd4 23.Qxd4 Nxd4 24.Rxg6 Rf4 25.Nd6 Kf8 26.Bc3 Be5 27.Re1 Bxd6 28.Bxd4 Bd7
29.Kg1 Rc8 30.Be3 Rh4 31.Rf1+ Bf4 32.Bxf4 Rxf4 33.Rxf4+ {#r} 1-0

[Event "Ch Yugoslavia (team) (1 liga)"]
[Site "Arandjelovac (Yugoslavia)"]
[Round "3"]
[White "Baginskaite Camilla (USA)"]
[Black "Konarkowska-Sokolov Henrijeta (SRB)"]
[Result "0-1"]
[WhiteElo "2358"]
[BlackElo "2040"]

1.d4 Nf6 2.c4 g6 3.Nf3 Bg7 4.g3 O-O 5.Bg2 c6 6.O-O d5 7.cxd5 cxd5 8.Ne5 e6
9.Nc3 Nfd7 10.f4 Nc6 11.Be3 Nb6 12.Bf2 Ne7 13.a4 a5 14.Qb3 Nf5 15.e4 dxe4
16.Bxe4 Ne7 17.d5 Nbxd5 18.Rfd1 Qd6 19.Nc4 Qb4 20.Qxb4 axb4 21.Nb5 Bd7 22.Bc5
Bxb5 23.axb5 Rxa1 24.Rxa1 Rc8 25.Bxe7 Nxe7 26.Nd6 Rb8 27.Ra4 Nd5 28.b3 Bf8
{#R} 0-1

[Event "It (open)"]
[Site "Bochum (Germany)"]
[Round "0"]
[White "Jellinghaus Lars (GER)"]
[Black "Dahlmann Dirk (GER)"]
[Result "0-1"]
[WhiteElo "2203"]
[BlackElo "2221"]

1.d4 Nf6 2.Nf3 g6 3.g3 Bg7 4.Bg2 O-O 5.O-O d5 6.c4 c6 7.cxd5 cxd5 8.Nc3 Nc6
9.Ne5 Ng4 10.Nxc6 bxc6 11.h3 Nh6 12.Bxh6 Bxh6 13.Na4 Qd6 14.Nc5 e5 15.e3 exd4
16.exd4 Bg7 17.Qd2 a5 18.b3 h5 19.Rfe1 Bf5 20.Rad1 Rfb8 21.Bf1 Rb4 22.Qc3 Qf6
23.Na6 Rxd4 24.Rxd4 Qxd4 25.Qxc6 Rf8 26.Qc1 Qb6 27.Nc7 Rc8 28.Re8+ Rxe8
29.Nxe8 Be5 30.Qg5 Qe6 31.Qd8 Kh7 32.Nc7 Qb6 33.Ne6 Qxe6 {#R} 0-1

[Event "It (open)"]
[Site "Dortmund (Germany)"]
[Round "9"]
[White "Rauch Ferenc (HUN)"]
[Black "Kleinegger Frank (GER)"]
[Result "0-1"]
[WhiteElo "2150"]
[BlackElo "2194"]

1.d4 Nf6 2.Nf3 g6 3.g3 Bg7 4.Bg2 O-O 5.O-O d5 6.c4 c6 7.cxd5 cxd5 8.Nc3 Ne4
9.Qc2 Bf5 10.Qb3 Nc6 11.e3 Na5 12.Qxd5 Nxc3 13.Qxd8 Ne2+ 14.Kh1 Rfxd8 15.Bd2
Nc4 16.Rfe1 Bd3 17.Bf1 Be4 {#R} 0-1

[Event "It"]
[Site "Hamburg (Germany)"]
[Round "11"]
[White "Schlemmermeyer Wilhelm (GER)"]
[Black "Fette Martin (GER)"]
[Result "1-0"]
[WhiteElo "2390"]
[BlackElo "2293"]

1.d4 Nf6 2.c4 g6 3.Nf3 Bg7 4.g3 O-O 5.Bg2 c6 6.Nc3 d5 7.cxd5 cxd5 8.Ne5 Nc6
9.O-O e6 10.Nxc6 bxc6 11.Bf4 Nd7 12.Rc1 Ba6 13.Qd2 e5 14.dxe5 Nxe5 15.b3 Re8
16.Rfe1 Nd7 17.Na4 Rc8 18.Bg5 Bf6 19.Bxf6 Nxf6 20.Nc5 Qb6 21.Qb2 Kg7 22.Bh3
Rcd8 23.Nd7 {#r} 1-0

[Event "Ch Finland"]
[Site "Helsinki (Finland)"]
[Round "0"]
[White "Valkesalmi Kimmo (FIN)"]
[Black "Manninen Marko (FIN)"]
[Result "0-1"]
[WhiteElo "2367"]
[BlackElo "2377"]

1.g3 d5 2.Bg2 Nf6 3.Nf3 g6 4.O-O Bg7 5.c4 c6 6.cxd5 cxd5 7.d4 O-O 8.Nc3 e6
9.Ne5 Nfd7 10.f4 Nc6 11.Be3 Qa5 12.a3 Ndxe5 13.fxe5 b5 14.Qd3 Bd7 15.Bg5 b4
16.axb4 Qxb4 17.e3 Na5 18.e4 dxe4 19.Qxe4 Rac8 20.Rf2 Rc4 21.Qe3 Nc6 22.Ra4
Qb3 23.Rxc4 Qxc4 24.Ne4 Nxd4 25.Nd6 Qa4 26.Be7 Rb8 27.Bf6 Rb3 28.Qe4 Bc6
29.Qf4 Qa1+ 30.Bf1 Nf3+ 31.Kg2 Ng5+ 32.Ne4 Bxe4+ {#R} 0-1

[Event "Ch Spain"]
[Site "Linares (Spain)"]
[Round "0"]
[White "Gallego Jimenez Victoriano (ESP)"]
[Black "Vega Holm Fernando (ESP)"]
[Result "1-0"]
[WhiteElo "2390"]
[BlackElo "2423"]

1.d4 Nf6 2.Nf3 g6 3.c4 Bg7 4.g3 c6 5.Nc3 d5 6.cxd5 cxd5 7.Bg2 O-O 8.Ne5 e6
9.O-O Nfd7 10.f4 Nc6 11.Be3 Ndxe5 12.fxe5 f6 13.exf6 Bxf6 14.Qd2 Bd7 15.Rad1
Ne7 16.Bh6 Bg7 17.Bxg7 Kxg7 18.Rxf8 Qxf8 19.Rf1 Qb8 20.e4 dxe4 21.Nxe4 Nd5
22.Ng5 Nf6 23.Qe3 Qd8 24.Qe5 Qe7 25.Ne4 Rf8 26.g4 {#r} 1-0

[Event "Ch Chess Club"]
[Site "Long Island (USA)"]
[Round "1"]
[White "Klopfenstein Glenn (USA)"]
[Black "Braun Leslie (USA)"]
[Result "0-1"]
[WhiteElo "2211"]
[BlackElo "2245"]

1.d4 Nf6 2.c4 g6 3.Nc3 d5 4.Nf3 Bg7 5.g3 O-O 6.Bg2 c6 7.cxd5 cxd5 8.O-O Nc6
9.Bg5 Ne4 10.Bf4 Bf5 11.Rc1 Rc8 12.Qa4 Qd7 13.Rfd1 Rfd8 14.Be3 h6 15.Ne1 Nf6
16.Nd3 Bxd3 17.Rxd3 e6 18.f3 Bf8 19.a3 b6 20.b4 Ne8 21.Nb5 a5 22.Na7 Nxa7
23.Qxd7 Rxc1+ 24.Bxc1 Rxd7 25.bxa5 bxa5 26.a4 Nd6 27.Rb3 Rb7 28.Rxb7 Nxb7 {#R}
0-1

[Event "It (juniors) (under 20) (final)"]
[Site "Merlo (Argentina)"]
[Round "5"]
[White "Minero Pineda Sergio (CRC)"]
[Black "Amura Claudia N (ARG)"]
[Result "1-0"]
[WhiteElo "2412"]
[BlackElo "2328"]

1.d4 Nf6 2.c4 g6 3.g3 c6 4.Bg2 d5 5.Nf3 Bg7 6.cxd5 cxd5 7.Nc3 O-O 8.Ne5 e6
9.O-O Nfd7 10.f4 Nc6 11.Be3 Nb6 12.Bf2 Bd7 13.e4 Ne7 14.Nxd7 Qxd7 15.e5 Rfc8
16.Qd3 Na4 17.Nd1 Qc6 18.b3 Nc3 19.Ne3 Qb5 20.Qxb5 Nxb5 21.Rfd1 Nc6 22.Ng4 h5
23.Ne3 Bf8 24.g4 Nbxd4 25.Kh1 Ne2 26.f5 Nc3 27.Rg1 Nxe5 28.fxe6 fxe6 29.gxh5
Nd3 30.Bh4 Ne2 31.Bh3 Nxg1 32.Bxe6+ Kg7 33.Rxg1 Rc1 34.Nf5+ {#r} 1-0

[Event "It \"]
[Site "New York (USA)"]
[Round "0"]
[White "Shipman Walter (USA)"]
[Black "Song Paul (USA)"]
[Result "1-0"]
[WhiteElo "2189"]
[BlackElo "2066"]

1.d4 Nf6 2.g3 g6 3.Bg2 d5 4.Nf3 Bg7 5.O-O O-O 6.c4 c6 7.cxd5 cxd5 8.Nc3 Ne4
9.Nxe4 dxe4 10.Ne5 f6 11.Qb3+ e6 12.Nc4 f5 13.e3 Qd5 14.f3 exf3 15.Bxf3 Qd7
16.Bd2 Nc6 17.Rac1 Rb8 18.Na5 Nxa5 19.Bxa5 b6 20.Bb4 Rd8 21.Rc6 Bf8 22.Bxf8
Kxf8 23.Rfc1 Bb7 24.Rc7 Bxf3 25.Rxd7 Rxd7 26.Qxe6 Rbd8 27.Qf6+ Kg8 28.Rc7 Be4
29.Qe6+ {#r} 1-0

[Event "Ch Pfalz"]
[Site "Pfalz (Germany)"]
[Round "0"]
[White "Ivkov Borislav (SRB)"]
[Black "Vegh Endre (HUN)"]
[Result "1-0"]
[WhiteElo "2480"]
[BlackElo "2267"]

1.Nf3 Nf6 2.c4 g6 3.g3 Bg7 4.Bg2 O-O 5.O-O c6 6.d4 d5 7.cxd5 cxd5 8.Nc3 Nc6
9.h3 Ne4 10.Qb3 Nxd4 11.Nxd4 Bxd4 12.Nxd5 Nd6 13.Bg5 Re8 14.Rad1 Bg7 15.Qb4 f6
16.Be3 Bf8 17.Bc5 a5 18.Qd4 e5 19.Qh4 g5 20.Qh5 Bf5 21.Bb6 Bg6 22.Qf3 Qc8
23.Nxf6+ Kh8 24.Nxe8 Qxe8 25.Qf6+ {#r} 1-0

[Event "It (open) \"]
[Site "Prague (Czech Republic)"]
[Round "1"]
[White "Vaulin Alexander (RUS)"]
[Black "Horak Vladimir (CZE)"]
[Result "1-0"]
[WhiteElo "2390"]
[BlackElo "2012"]

1.c4 Nf6 2.g3 g6 3.Bg2 Bg7 4.Nf3 O-O 5.O-O d5 6.d4 c6 7.cxd5 cxd5 8.Nc3 Qb6
9.Na4 Qd8 10.Bf4 Nc6 11.Rc1 Bd7 12.Nc5 Qb6 13.Ne5 Rfd8 14.Qd2 Be8 15.b3 Rac8
16.Na4 Qxd4 17.Nxc6 Qxd2 18.Nxe7+ Kf8 19.Bxd2 Rxc1 20.Rxc1 Bxa4 21.Bb4 Ke8
22.bxa4 Bf8 23.Nxd5 Nxd5 24.Bxf8 {#r} 1-0